| 000 | 00740nam a2200181Ia 4500 | ||
|---|---|---|---|
| 003 | LK-CoDNM | ||
| 008 | 140723t2021 xxu||||| |||| 00| 1 sin d | ||
| 020 |
_a _a9786245546152 |
||
| 040 |
_aLK-CoDNM _dLK-CoDNM _eLK-CoDNM |
||
| 041 | _asin | ||
| 080 |
_aX 8C2 _bBRA |
||
| 100 |
_aබ්රෙෂ්ට්, බර්ටෝල්ට් _vBrest,Bartolt |
||
| 245 | _aඅර්තුරෝ උයිගේ වැලකිය හැකිව තිබූ නැග්ම හෙවත් යක්ෂාගමනය | ||
| 246 | _aArthuro Uige Welakiya Hekiwa Thibu Negma Hewath Yakshagamanaya | ||
| 260 |
_bWidarshana Publisher _aKalubowila _c2021 |
||
| 700 |
_aසුනිල් විජේසිරි _ySunil Wijesiriwardana |
||
| 942 | _cBK | ||
| 999 |
_c79908 _d79908 |
||